[Event "TUR Cup"]
[Site "Antalya"]
[Date "2017.02.04"]
[Round "11"]
[White "Eremkere, Mehmet Halil"]
[Black "Yazar, Hakan"]
[Result "0-1"]
[WhiteElo "1752"]
[BlackElo "1505"]
[PlyCount "42"]
[EventDate "2017.01.28"]
[EventType "swiss"]
[EventRounds "11"]
[EventCountry "TUR"]
[SourceTitle "EXT 2018"]
[Source "ChessBase"]
[SourceDate "2017.10.13"]
[SourceVersion "1"]
[SourceVersionDate "2017.10.13"]
[SourceQuality "1"]

1. e4 c5 2. Nf3 Nc6 3. c3 d5 4. e5 Bg4 5. d4 e6 6. b3 cxd4 7. Bb5 dxc3 8. 0-0 Rc8 9. Nxc3 a6 10. Bxc6+ Rxc6 11. Bb2 Qc7 12. Nb1 Bc5 13. b4 Ba7 14. a4 Ne7 15. b5 Rc2 16. Ba3 Bxf3 17. gxf3 Qxe5 18. Qxc2 Bb8 19. f4 Qxf4 20. f3 Qd4+ 21. Kg2 Qxa1 0-1

[Event "TUR Cup"]
[Site "Antalya"]
[Date "2017.01.28"]
[Round "1"]
[White "Bulgurlu, Okan"]
[Black "Yazar, Hakan"]
[Result "1-0"]
[WhiteElo "2023"]
[BlackElo "1505"]
[PlyCount "47"]
[EventDate "2017.01.28"]
[EventType "swiss"]
[EventRounds "11"]
[EventCountry "TUR"]
[SourceTitle "CBM 176 Extra"]
[Source "ChessBase"]
[SourceDate "2017.03.02"]
[SourceVersion "1"]
[SourceVersionDate "2017.03.02"]
[SourceQuality "1"]

1. e4 c5 2. Nf3 Nc6 3. d4 cxd4 4. Nxd4 Nf6 5. Nc3 d6 6. Be2 g6 7. Be3 Bg7 8. 0-0 Bd7 9. f4 0-0 10. a3 a6 11. h3 Rc8 12. Qd3 Qc7 13. g4 Nxd4 14. Bxd4 Be6 15. Rf2 Qd7 16. b3 Rxc3 17. Bxc3 Nxe4 18. Qxe4 Bxc3 19. Rd1 f5 20. gxf5 Bxf5 21. Qc4+ e6 22. Qxc3 Rc8 23. Rxd6 Qe8 24. Qf6 1-0

[Event "Corum op"]
[Site "Corum"]
[Date "2016.05.24"]
[Round "3"]
[White "Gurchumalidze, Teona"]
[Black "Yazar, Hakan"]
[Result "1-0"]
[WhiteElo "2059"]
[BlackElo "1552"]
[PlyCount "109"]
[EventDate "2016.05.23"]
[EventType "swiss"]
[EventRounds "9"]
[EventCountry "TUR"]
[SourceTitle "CBM 172 Extra"]
[Source "ChessBase"]
[SourceDate "2016.06.21"]
[SourceVersion "1"]
[SourceVersionDate "2016.06.21"]
[SourceQuality "1"]

1. d4 Nf6 2. Nf3 e6 3. Bg5 Be7 4. e3 d5 5. Bd3 Nbd7 6. 0-0 0-0 7. h3 b6 8. Nbd2 c5 9. c3 Bb7 10. a4 h6 11. Bf4 Ne4 12. Ne5 Nxd2 13. Qxd2 Nxe5 14. Bxe5 Bd6 15. Bxd6 Qxd6 16. a5 e5 17. a6 Bc6 18. b4 c4 19. dxe5 Qxe5 20. Be2 Rad8 21. Bf3 Rd6 22. Qb2 Rfd8 23. b5 Be8 24. Rfd1 f5 25. Rd4 Rc8 26. Bd1 Rc5 27. Ba4 Bd7 28. Rb1 Rg6 29. Qd2 Rd6 30. Rb4 Qe8 31. Rbxc4 Rxc4 32. Rxc4 Bxb5 33. Bxb5 Qxb5 34. Rc7 Rd7 35. Rxd7 Qxd7 36. c4 Kf7 37. cxd5 Ke7 38. f3 Qa4 39. Qd3 Qa1+ 40. Kf2 Qb2+ 41. Qe2 Qb4 42. e4 f4 43. g3 Qd4+ 44. Kg2 g5 45. Qc2 fxg3 46. Kxg3 Qg1+ 47. Qg2 Qe3 48. Qf2 Qf4+ 49. Kg2 Kd6 50. Qg3 Qxg3+ 51. Kxg3 b5 52. Kf2 Kc5 53. Ke3 b4 54. Kd3 h5 55. Kc2 1-0

[Event "Manavgat Turkey Cup"]
[Site "Manavgat"]
[Date "2016.02.03"]
[Round "7"]
[White "Usluoglu, Servet"]
[Black "Yazar, Hakan"]
[Result "1-0"]
[WhiteElo "1872"]
[BlackElo "1698"]
[PlyCount "41"]
[EventDate "2016.01.30"]
[EventType "swiss"]
[EventRounds "11"]
[EventCountry "TUR"]
[SourceTitle "CBM 170 Extra"]
[Source "ChessBase"]
[SourceDate "2016.02.25"]
[SourceVersion "1"]
[SourceVersionDate "2016.02.25"]
[SourceQuality "1"]

1. e4 e5 2. Nf3 Nc6 3. d4 exd4 4. Nxd4 Nxd4 5. Qxd4 d6 6. Nc3 Be6 7. Bf4 Nf6 8. 0-0-0 Be7 9. e5 dxe5 10. Qxe5 Qc8 11. Nb5 0-0 12. Nxc7 Ng4 13. Qe2 Bc5 14. Qb5 Bxf2 15. Nxa8 Be3+ 16. Bxe3 Nxe3 17. Rd2 Qxa8 18. Bd3 b6 19. Qe5 Nc4 20. Bxc4 Bxc4 21. Rhd1 1-0